<?xml version="1.0" encoding="UTF-8"?>
<record
    xmlns:xsi="http://www.w3.org/2001/XMLSchema-instance"
    xsi:schemaLocation="http://www.loc.gov/MARC21/slim http://www.loc.gov/standards/marcxml/schema/MARC21slim.xsd"
    xmlns="http://www.loc.gov/MARC21/slim">

  <leader>00391nam a2200157Ia 4500</leader>
  <controlfield tag="008">230718s9999    xx            000 0 und d</controlfield>
  <datafield tag="041" ind1=" " ind2=" ">
    <subfield code="a">eng</subfield>
  </datafield>
  <datafield tag="082" ind1=" " ind2=" ">
    <subfield code="a">681.2</subfield>
    <subfield code="b">VAR</subfield>
  </datafield>
  <datafield tag="100" ind1=" " ind2=" ">
    <subfield code="a">Vardhan H.</subfield>
  </datafield>
  <datafield tag="245" ind1=" " ind2=" ">
    <subfield code="a">Measurement</subfield>
    <subfield code="b">Principles And Practices </subfield>
  </datafield>
  <datafield tag="260" ind1=" " ind2=" ">
    <subfield code="c">1993</subfield>
    <subfield code="b">Macmillan</subfield>
  </datafield>
  <datafield tag="300" ind1=" " ind2=" ">
    <subfield code="a">395</subfield>
  </datafield>
  <datafield tag="365" ind1=" " ind2=" ">
    <subfield code="c">Rs.</subfield>
    <subfield code="b">41.50</subfield>
  </datafield>
  <datafield tag="700" ind1=" " ind2=" ">
    <subfield code="a">Vardhan H.</subfield>
  </datafield>
  <datafield tag="906" ind1=" " ind2=" ">
    <subfield code="d">B:571715-Jan-1996</subfield>
    <subfield code="c">INST</subfield>
    <subfield code="b">6.23</subfield>
  </datafield>
  <datafield tag="999" ind1=" " ind2=" ">
    <subfield code="c">294761</subfield>
    <subfield code="d">294761</subfield>
  </datafield>
  <datafield tag="952" ind1=" " ind2=" ">
    <subfield code="0">0</subfield>
    <subfield code="1">0</subfield>
    <subfield code="4">0</subfield>
    <subfield code="7">0</subfield>
    <subfield code="a">CCEP</subfield>
    <subfield code="b">CCEP</subfield>
    <subfield code="d">1996-01-24</subfield>
    <subfield code="e">Technical Book Services</subfield>
    <subfield code="f">INST</subfield>
    <subfield code="g">35.27</subfield>
    <subfield code="i">5717</subfield>
    <subfield code="l">0</subfield>
    <subfield code="o">681.2</subfield>
    <subfield code="p">CCEP-BK-5966</subfield>
    <subfield code="r">2023-07-18 00:00:00</subfield>
    <subfield code="t">6.23</subfield>
    <subfield code="v">41.50</subfield>
    <subfield code="w">1996-01-15</subfield>
    <subfield code="y">BK</subfield>
    <subfield code="z">005966</subfield>
  </datafield>
</record>
